<?xml version="1.0" encoding="UTF-8"?><?xml-stylesheet type="text/xsl" href="static/style.xsl"?><OAI-PMH xmlns="http://www.openarchives.org/OAI/2.0/" xmlns:xsi="http://www.w3.org/2001/XMLSchema-instance" xsi:schemaLocation="http://www.openarchives.org/OAI/2.0/ http://www.openarchives.org/OAI/2.0/OAI-PMH.xsd"><responseDate>2026-04-17T06:37:54Z</responseDate><request verb="GetRecord" identifier="oai:www.recercat.cat:2072/522348" metadataPrefix="marc">https://recercat.cat/oai/request</request><GetRecord><record><header><identifier>oai:recercat.cat:2072/522348</identifier><datestamp>2024-12-20T22:37:30Z</datestamp><setSpec>com_2072_300912</setSpec><setSpec>com_2072_4427</setSpec><setSpec>col_2072_301309</setSpec></header><metadata><record xmlns="http://www.loc.gov/MARC21/slim" xmlns:dcterms="http://purl.org/dc/terms/" xmlns:xsi="http://www.w3.org/2001/XMLSchema-instance" xmlns:doc="http://www.lyncode.com/xoai" xsi:schemaLocation="http://www.loc.gov/MARC21/slim http://www.loc.gov/standards/marcxml/schema/MARC21slim.xsd">
   <leader>00925njm 22002777a 4500</leader>
   <datafield ind2=" " ind1=" " tag="042">
      <subfield code="a">dc</subfield>
   </datafield>
   <datafield ind2=" " ind1=" " tag="720">
      <subfield code="a">Lv, Xin-Yang</subfield>
      <subfield code="e">author</subfield>
   </datafield>
   <datafield ind2=" " ind1=" " tag="720">
      <subfield code="a">Abrams, Roman</subfield>
      <subfield code="e">author</subfield>
   </datafield>
   <datafield ind2=" " ind1=" " tag="720">
      <subfield code="a">Martin, Ruben</subfield>
      <subfield code="e">author</subfield>
   </datafield>
   <datafield ind2=" " ind1=" " tag="260">
      <subfield code="c">2022-05-03</subfield>
   </datafield>
   <datafield ind2=" " ind1=" " tag="520">
      <subfield code="a">C–C bond forming cross-couplings are convenient technologies for the construction of
functional molecules. Consequently, there is continual interest in approaches that can render
traditionally inert functionality as cross-coupling partners, included in this are ketones which
are widely-available commodity chemicals and easy to install synthetic handles. Herein, we
describe a dual catalytic strategy that utilizes dihydroquinazolinones derived from ketone
congeners as adaptative one-electron handles for forging C(sp3) architectures via α C–C
cleavage with aryl and alkyl bromides. Our approach is achieved by combining the flexibility
and modularity of nickel catalysis with the propensity of photoredox events for generating
open-shell reaction intermediates. This method is distinguished by its wide scope and broad
application profile––including chemical diversification of advanced intermediates––, providing
a catalytic technique complementary to existing C(sp3) cross-coupling reactions that operates
within the C–C bond-functionalization arena.</subfield>
   </datafield>
   <datafield ind1="8" ind2=" " tag="024">
      <subfield code="a">http://hdl.handle.net/2072/522348</subfield>
   </datafield>
   <datafield ind1="8" ind2=" " tag="024">
      <subfield code="a">https://doi.org/10.1038/s41467-022-29984-0</subfield>
   </datafield>
   <datafield ind2="0" ind1="0" tag="245">
      <subfield code="a">Dihydroquinazolinones as adaptative C(sp3) handles in arylations and alkylations via dual catalytic C–C bond-functionalization</subfield>
   </datafield>
</record></metadata></record></GetRecord></OAI-PMH>